BİTMEMİŞ İNŞA POSTMODERNİZM (Record no. 1159258)

MARC details
000 -LEADER
sabit uzunluktaki kontrol alanı 00258nam a2200097Ia 4500
001 - KONTROL NUMARASI
kontrol alanı 1159258
005 - EN SON İŞLEMİN TARİH VE ZAMANI
kontrol alanı 20250827011317.0
008 - SABİT-UZUNLUKTA VERİ ÖĞELERİ--GENEL BİLGİ
sabit uzunluktaki kontrol alanı 250824s9999 xx 000 0 und d
245 #0 - ESER / YAZAR
ESER ADI BİTMEMİŞ İNŞA POSTMODERNİZM
Yazar Adı AHMET MELİH KARAUĞUZ
260 ## - YAYIN, DAĞITIM, VB.
YAYIN EVİ KETEBE
Holdings
Düşüm durumu Kayıp durumu Hasar Durumu Ödünç verilmez Ana kütüphane Geçerli Kütüphane Edinilen tarih Toplam ödünç verme sayısı Barkod Son görüntüleme tarihi Fiyatın geçerli olmaya başladığı tarih Koha materyal türü
        ŞEHİT İBRAHİM BETİN İLKOKULU ŞEHİT İBRAHİM BETİN İLKOKULU 24.08.2025   10566058 27.08.2025 27.08.2025 Books